THE PARTNER (Record no. 2410)
[ view plain ]
| 000 -LEADER | |
|---|---|
| fixed length control field | 00607nam a22001457a 4500 |
| 020 ## - INTERNATIONAL STANDARD BOOK NUMBER | |
| ISBN | 978-0-09-941031-7 |
| 082 ## - DEWEY DECIMAL CLASSIFICATION NUMBER | |
| Classification number | 823 |
| Item number | GRI/P |
| 100 ## - MAIN ENTRY--AUTHOR NAME | |
| Personal name | GRISHAM,JOHN |
| 245 ## - TITLE STATEMENT | |
| Title | THE PARTNER |
| 260 ## - PUBLICATION, DISTRIBUTION, ETC. (IMPRINT) | |
| Place of publication | LONDON |
| Name of publisher | ARROW BOOKS |
| 300 ## - PHYSICAL DESCRIPTION | |
| Number of Pages | 410 |
| 520 ## - SUMMARY, ETC. | |
| Summary, etc | In The Partner, Patrick Lanigan is the titular partner at an up-and-coming law firm in Mississippi. Unhappy with his unfaithful wife and miserable life, he devises a masterplan to flee his past for a new beginning abroad with his new-found love and the $90 million dollars he steals from his firm's client. |
| 650 ## - SUBJECT ADDED ENTRY--TOPICAL TERM | |
| Topical Term | NOVEL,ENGLISH |
| Geographic subdivision | LONDON |
| 942 ## - ADDED ENTRY ELEMENTS (KOHA) | |
| Koha item type | Books |
| Withdrawn status | Lost status | Collection code | Home library | Current library | Shelving location | Date acquired | Source of acquisition | Full call number | Accession Number | Koha item type |
|---|---|---|---|---|---|---|---|---|---|---|
| Fiction | Main Library | Main Library | SHELF-2-D ENGLIAH NOVELS FOR TEACHERS | 06/07/2013 | PURCHASE | 823 GRI/P | 07510 | Books |